WATERSHED management in Asia and the Pacific: needs and opportunities for action : study report of the project "Problems of watershed management in Asia and the Pacific"

Bibliographic Details
Corporate Author: Food and Agriculture Organization of the United Nations (FAO)
Format: Book
Published: Paris : Food and Agriculture Organization of the United Nations , 1986
Subjects:

MARC

LEADER 00000cam a2200000 7i4500
001 0000001709
005 20011031.0
090 0 0 |a 333.9100959   |b WAT 1986 
245 0 0 |a WATERSHED management in Asia and the Pacific: needs and opportunities for action :   |b study report of the project "Problems of watershed management in Asia and the Pacific"   |c prepared by the Food and Agriculture Organization of the United Nations 
260 0 0 |a Paris :   |b Food and Agriculture Organization of the United Nations ,   |c 1986 
300 |a xiv, 166 p. ;   |c 30 cm. 
500 0 0 |a Bibliography : p. 160-166 
650 0 0 |a Watershed management   |z Asia 
710 1 1 |a Food and Agriculture Organization of the United Nations (FAO) 
998 |a JPSM 
999 |a 0000000307   |b Monograph   |c Open Shelf   |e Default branch 
999 |a 0000000309   |b Monograph   |c Open Shelf   |e Default branch 
999 |a 0000002736   |b Monograph   |c Open Shelf   |e Default branch 
999 |a 0000002737   |b Monograph   |c Open Shelf   |e Default branch 
999 |a 0000002771   |b Monograph   |c Open Shelf   |e Default branch 
999 |a 0000002772   |b Monograph   |c Open Shelf   |e Default branch